LEADER 04847nam 22005655 450 001 9910480073703321 005 20200704120508.0 010 $a1-4612-0941-2 024 7 $a10.1007/978-1-4612-0941-6 035 $a(CKB)3400000000089331 035 $a(SSID)ssj0001297419 035 $a(PQKBManifestationID)11986996 035 $a(PQKBTitleCode)TC0001297419 035 $a(PQKBWorkID)11363416 035 $a(PQKB)10635506 035 $a(DE-He213)978-1-4612-0941-6 035 $a(MiAaPQ)EBC3073435 035 $a(PPN)237994321 035 $a(EXLCZ)993400000000089331 100 $a20121227d1991 u| 0 101 0 $aeng 135 $aurnn|008mamaa 181 $ctxt 182 $cc 183 $acr 200 10$aLinear Algebraic Groups$b[electronic resource] /$fby Armand Borel 205 $a2nd ed. 1991. 210 1$aNew York, NY :$cSpringer New York :$cImprint: Springer,$d1991. 215 $a1 online resource (XI, 290 p.) 225 1 $aGraduate Texts in Mathematics,$x0072-5285 ;$v126 300 $aBibliographic Level Mode of Issuance: Monograph 311 $a0-387-97370-2 311 $a1-4612-6954-7 320 $aIncludes bibliographical references and indexes. 327 $aAG?Background Material From Algebraic Geometry -- §1. Some Topological Notions -- §2. Some Facts from Field Theory -- §3. Some Commutative Algebra -- §4. Sheaves -- §5. Affine K-Schemes, Prevarieties -- §6. Products; Varieties -- §7. Projective and Complete Varieties -- §8. Rational Functions; Dominant Morphisms -- §9. Dimension -- §10. Images and Fibres of a Morphism -- §11. k-structures on K-Schemes -- §12. k-Structures on Varieties -- §13. Separable points -- §14. Galois Criteria for Rationality -- §15. Derivations and Differentials -- §16. Tangent Spaces -- §17. Simple Points -- §18. Normal Varieties -- References -- I?General Notions Associated With Algebraic Groups -- §1. The Notion of an Algebraic Groups -- §2. Group Closure; Solvable and Nilpotent Groups -- §3. The Lie Algebra of an Algebraic Group -- §4. Jordan Decomposition -- II ? Homogeneous Spaces -- §5. Semi-Invariants -- §6. Homogeneous Spaces -- §7. Algebraic Groups in Characteristic Zero -- III Solvable Groups -- §8. Diagonalizable Groups and Tori -- §9. Conjugacy Classes and Centralizers of Semi-Simple Elements -- §10. Connected Solvable Groups -- IV?Borel Subgroups; Reductive Groups -- §11. Borel Subgroups -- §12. Cartan Subgroups; Regular Elements -- §13. The Borel Subgroups Containing a Given Torus -- §14. Root Systems and Bruhat Decomposition in Reductive Groups -- V?Rationality Questions -- §15. Split Solvable Groups and Subgroups -- §16. Groups over Finite Fields -- §17. Quotient of a Group by a Lie Subalgebra -- §18. Cartan Subgroups over the Groundfield. Unirationality. Splitting of Reductive Groups -- §19. Cartan Subgroups of Solvable Groups -- §20. Isotropic Reductive Groups -- §21. Relative Root System and Bruhat Decomposition for Isotropic Reductive Groups -- §22. Central Isogenies -- §23. Examples -- §24. Survey of Some Other Topics -- A. Classification -- B. Linear Representations -- C. Real Reductive Groups -- References for Chapters I to V -- Index of Definition -- Index of Notation. 330 $aThis book is a revised and enlarged edition of "Linear Algebraic Groups", published by W.A. Benjamin in 1969. The text of the first edition has been corrected and revised. Accordingly, this book presents foundational material on algebraic groups, Lie algebras, transformation spaces, and quotient spaces. After establishing these basic topics, the text then turns to solvable groups, general properties of linear algebraic groups and Chevally's structure theory of reductive groups over algebraically closed groundfields. The remainder of the book is devoted to rationality questions over non-algebraically closed fields. This second edition has been expanded to include material on central isogenies and the structure of the group of rational points of an isotropic reductive group. The main prerequisite is some familiarity with algebraic geometry. The main notions and results needed are summarized in a chapter with references and brief proofs. 410 0$aGraduate Texts in Mathematics,$x0072-5285 ;$v126 606 $aTopological groups 606 $aLie groups 606 $aTopological Groups, Lie Groups$3https://scigraph.springernature.com/ontologies/product-market-codes/M11132 615 0$aTopological groups. 615 0$aLie groups. 615 14$aTopological Groups, Lie Groups. 676 $a512.55 676 $a512.482 700 $aBorel$b Armand$4aut$4http://id.loc.gov/vocabulary/relators/aut$045077 906 $aBOOK 912 $a9910480073703321 996 $aLinear algebraic groups$979356 997 $aUNINA LEADER 01403nam 2200337 n 450 001 996396417503316 005 20221108044611.0 035 $a(CKB)4330000000355853 035 $a(EEBO)2240884560 035 $a(UnM)99859735 035 $a(EXLCZ)994330000000355853 100 $a19851127d1641 uy | 101 0 $aeng 135 $aurbn||||a|bb| 200 12$aA peace-offering to God$b[electronic resource] $eA sermon preached to the Honourable House of Commons assembled in Parliament, at their publique thanksgiving, September 7. 1641. For the peace concluded between England and Scotland. /$fBy Stephen Marshall, Batchelour in Divinity, minister of Finchingfield in Essex. Published by order of the said House 210 $aLondon $cPrinted by T.P. and M.S. for Samuel Man, dwelling in St. Pauls Church-yard, at the signe of the Swan$d1641 215 $a[4], 51, [1] p 300 $aReproduction of the original in the British Library. 330 $aeebo-0018 606 $aFast-day sermons$y17th century 607 $aGreat Britain$xHistory$yCharles I, 1625-1649$vSermons$vEarly works to 1800 615 0$aFast-day sermons 700 $aMarshall$b Stephen$f1594?-1655.$01001459 801 0$bCu-RivES 801 1$bCu-RivES 801 2$bCStRLIN 801 2$bWaOLN 906 $aBOOK 912 $a996396417503316 996 $aA peace-offering to God$92389185 997 $aUNISA